| 000 | 00969nam a2200241Ia 4500 | ||
|---|---|---|---|
| 003 | IN-BaIIA | ||
| 008 | 211028s9999 xx 000 0 eng d | ||
| 020 | _a0-471-27963-3 | ||
| 040 | _cIIA Library | ||
| 080 |
_a524.7-732 _bGAL |
||
| 111 |
_aNATO Advanced Study Institute Conference _cGreece _d1979 _912439 |
||
| 245 | 0 |
_aGalactic x-ray sources _bproceedings of the NATO Advanced Study InstituteĀ on galactic X-ray sources, held inĀ Sounion, Greece in 1979 _cedited by Peter W. Sanford, Paul Laskarides and Jane Salton |
|
| 260 |
_aChichester _bJohn Wiley & Sons _c1982 |
||
| 300 | _axvii, 450p. | ||
| 650 | _aAstronomy and astrophysics thesaurus | ||
| 650 |
_aExtraterrestrial radiation _91885 |
||
| 650 |
_aX-ray sources _912440 |
||
| 700 |
_aLaskarides, Paul, ed. _912441 |
||
| 700 |
_aSalton, Jane, ed. _912442 |
||
| 700 |
_aSanford, Peter W., ed. _912443 |
||
| 710 |
_aNATO Advanced Study Institute _95368 |
||
| 942 | _cBK | ||
| 999 |
_c7274 _d7274 |
||